000 00424nam a22001337a 4500
040 _cNUST
050 _a200 THE
100 _aSitwat Mahd
_984273
110 _aSupervisor Dr. Muhammad Usman Akram
_984274
245 _aTH-SOF-1863-Analysis Of EEG Signals For Emotion Recognition Using Deep Features
260 _aISLAMABAD:
_bNUST COLLEGE OF EME,
_c2021.
650 _aMS-COMPUTER ENGINEERING-18
_984275
942 _2ddc
_cTHE
999 _c586794
_d586794